000 00766nam a22002057a 4500
999 _c16038
_d16038
003 AR-CdUCM
008 190430b ||||| |||| 00| 0 spa d
040 _aMUNICIPALIDAD PROVINCIAL DEL CUSCO
_cBIBLIOTECA MUNICIPAL DEL CUSCO
082 _a362.74 /
_bk12
100 _aKahn, Alfred J.
_935318
245 _aPlaneamiento de los servicios de comunidad para menores en dificultades /
260 _aBuenos Aires :
_bBibliográfica Omeba,
_c1967.
300 _a564 paginas ;
_c20 cm.
505 _aContenido :Ideología y estrategia --Los organismos y sus funciones --Un sistema de servicios /
650 _aDelincuencia de menores
_935319
650 _aEstados Unidos
_91805
650 _aTrabajo social
_99893
942 _2ddc
_cLIBROS
945 _arjall
_d2019-04-30